[Event "POL-chT 2nd League"]
[Site "Wysowa"]
[Date "2007.09.10"]
[Round "8"]
[White "Murawski, Eugeniusz"]
[Black "Krzanowski, Grzegorz"]
[Result "1-0"]
[WhiteElo "1966"]
[BlackElo "1887"]
[PlyCount "61"]
[EventDate "2007.09.03"]
[EventType "team-swiss"]
[EventRounds "9"]
[EventCountry "POL"]
[SourceTitle "EXT 2010"]
[Source "ChessBase"]
[SourceDate "2010.11.25"]
[SourceVersion "1"]
[SourceVersionDate "2010.11.25"]
[SourceQuality "1"]
[WhiteTeam "Srem LKS Piast"]
[BlackTeam "Wegrow SRSDiM"]
[WhiteTeamCountry "POL"]
[BlackTeamCountry "POL"]

1. e4 e5 2. Nf3 d6 3. d4 exd4 4. Nxd4 g6 5. c4 Bg7 6. Nc3 Nc6 7. Be3 Nge7 8. Be2 0-0 9. 0-0 Kh8 10. Nd5 a6 11. Bg5 f6 12. Be3 Ne5 13. f3 c5 14. Nc2 Be6 15. b4 Bxd5 16. cxd5 cxb4 17. Nd4 Qd7 18. Qb3 f5 19. h3 f4 20. Bf2 Nf7 21. Qxb4 g5 22. Rab1 b5 23. a4 bxa4 24. Qb7 Ra7 25. Qxd7 Rxd7 26. Bxa6 Ra8 27. Bb7 Rb8 28. Bc6 Rxb1 29. Rxb1 Nxc6 30. dxc6 Rd8 31. c7 1-0